000
00360nam a2200169Ia 4500
100
_a
BURT/ANGELA
650
_a
PHILOPSOPHY
942
_c
BK
366
_f
25
654
_a
WORD POWER
245
_a
INCREASE YOUR WORD POWER
260
_b
BETTER YOURSELF BOOK
_a
Bandra
_c
2001
082
_a
107/BUR
_b
BUR
300
_a
219
546
_a
ENGLISH
999
_c
26041
_d
26041